Normal view
MARC view
- Denizli, Adil
Entry Personal Name
001 - CONTROL NUMBER
- control field: 149581
003 - CONTROL NUMBER IDENTIFIER
- control field: DLC
005 - DATE AND TIME OF LATEST TRANSACTION
- control field: 20250731161821.0
008 - FIXED-LENGTH DATA ELEMENTS
- fixed length control field: 221129n| azannaabn |n aaa
010 ## - LIBRARY OF CONGRESS CONTROL NUMBER
- LC control number: n 2022184559
035 ## - SYSTEM CONTROL NUMBER
- System control number: (DNLM)9818506089006676
040 ## - CATALOGING SOURCE
- Original cataloging agency: DNLM
- Language of cataloging: eng
- Description conventions: rda
- Transcribing agency: DNLM
100 1# - HEADING--PERSONAL NAME
- Personal name: Denizli, Adil
370 ## - ASSOCIATED PLACE
- Other associated place: Ankara (Turkey)
- Source of term: naf
373 ## - ASSOCIATED GROUP
- Associated group: Hacettepe Üniversitesi
- Source of term: naf
670 ## - SOURCE DATA FOUND
- Source citation: Plasmonic sensors and their applications, 2021:
- Information found: title page (Adil Denizli) title page verso (Department of Chemistry, Hacettepe University, Ankara, Turkey)



